Bundesliga - Oberliga - Statistiken

Allgemein
  • Dieses Quiz wurde 160 mal gespielt
  • Das Durchschnittsergebnis liegt bei 198 aus 389
Antwortstatistiken
Liga Verein % Korrekt
Bundesliga FC Bayern München
96%
Regionalliga Bayern FC Bayern München II
96%
Oberliga Westfalen ASC 09 Dortmund
95%
Bundesliga Borussia Dortmund
95%
3. Liga Borussia Dortmund II
95%
Bayernliga Nord FC Bayern Hof
95%
Bundesliga Bayer Leverkusen
94%
Regionalliga Nordost Chemie Leipzig
94%
Regionalliga Nordost Lokomotive Leipzig
94%
Bundesliga RB Leipzig
94%
Bundesliga Eintracht Frankfurt
93%
Regionalliga Südwest Eintracht Frankfurt II
93%
Regionalliga Südwest FSV Frankfurt
93%
Bundesliga FSV Mainz 05
93%
Regionalliga Südwest FSV Mainz 05 II
93%
2. Bundesliga Hamburger SV
93%
Regionalliga Nord Hamburger SV II
93%
Schleswig Holsteinliga Heider SV
93%
Bundesliga SV Werder Bremen
93%
Regionalliga Nord SV Werder Bremen II
93%
Bremenliga SV Werder Bremen III
93%
Oberliga Rheinland-Pfalz/Saar TSV Schott Mainz
93%
Bremenliga TuRa Bremen
93%
Bremenliga Union 60 Bremen
93%
Bundesliga VfB Stuttgart
93%
3. Liga VfB Stuttgart II
93%
Bundesliga 1. FC Heidenheim
92%
2. Bundesliga 1. FC Köln
92%
Regionalliga West 1. FC Köln II
92%
2. Bundesliga 1. FC Nürnberg
92%
Regionalliga Bayern 1. FC Nürnberg II
92%
Bundesliga Borussia Mönchengladbach
92%
Regionalliga West Borussia Mönchengladbach II
92%
Bundesliga FC Augsburg
92%
Regionalliga Bayern FC Augsburg II
92%
2. Bundesliga FC Schalke 04
92%
Regionalliga West FC Schalke 04 II
92%
Regionalliga Nordost FC Viktoria Berlin
92%
Regionalliga West SC Fortuna Köln
92%
Oberliga Mittelrhein SC Fortuna Köln II
92%
Bundesliga SC Freiburg
92%
Regionalliga Südwest SC Freiburg II
92%
Oberliga Mittelrhein SV Bergisch Gladbach
92%
Bundesliga TSG 1899 Hoffenheim
92%
Regionalliga Südwest TSG 1899 Hoffenheim II
92%
Bayernliga Süd Türkspor Augsburg
92%
Bundesliga VfL Bochum
92%
Oberliga Westfalen VfL Bochum Amateure
92%
3. Liga Viktoria Köln
92%
Bundesliga FC St. Pauli
91%
Regionalliga Nord FC St. Pauli II
91%
Bundesliga Holstein Kiel
91%
Regionalliga Nord Holstein Kiel II
91%
Schleswig Holsteinliga Kilia Kiel
91%
Oberliga Niedersachsen Lupo Martini Wolfsburg
91%
Bundesliga Union Berlin
91%
Bundesliga VfL Wolfsburg
91%
3. Liga FC Erzgebirge Aue
90%
2. Bundesliga Hannover 96
90%
3. Liga Hannover 96 II
90%
2. Bundesliga Hertha BSC
90%
Regionalliga Nordost Hertha BSC II
90%
Oberliga Niedersachsen HSC Hannover
90%
3. Liga SG Dynamo Dresden
90%
Oberliga Niedersachsen SV Arminia Hannover
90%
Bayernliga Süd 1860 München II
89%
2. Bundesliga Fortuna Düsseldorf
89%
Regionalliga West Fortuna Düsseldorf II
89%
2. Bundesliga Greuther Fürth
89%
Regionalliga Bayern Greuther Fürth II
89%
2. Bundesliga Preußen Münster
89%
2. Bundesliga SC Paderborn
89%
Regionalliga West SC Paderborn II
89%
Oberliga Westfalen SC Preußen Münster II
89%
2. Bundesliga SSV Ulm
89%
2. Bundesliga SV Elversberg
89%
3. Liga TSV 1860 München
89%
3. Liga Arminia Bielefeld
88%
3. Liga FC Saarbrücken
88%
3. Liga Rot Weiß Essen
88%
Oberliga Niederrhein Schwarz Weiß Essen
88%
2. Bundesliga Eintracht Braunschweig
87%
Oberliga Niedersachsen Eintracht Braunschweig II
87%
3. Liga FC Ingolstadt
87%
Bayernliga Nord FC Ingolstadt II
87%
2. Bundesliga Karlsruher SC
87%
2. Bundesliga SV Darmstadt
87%
Hessenliga SV Darmstadt II
87%
2. Bundesliga 1. FC Kaiserslautern
86%
Oberliga Rheinland-Pfalz/Saar 1. FC Kaiserslautern II
86%
2. Bundesliga 1. FC Magdeburg
86%
Oberliga Nordost-Süd 1. FC Magdeburg II
86%
3. Liga Hansa Rostock
86%
Oberliga Nordost-Nord Hansa Rostock II
86%
Oberliga Nordost-Nord Rostocker FC
86%
3. Liga VfL Osnabrück
86%
3. Liga Energie Cottbus
85%
Regionalliga Nordost Rot Weiß Erfurt
85%
3. Liga Alemannia Aachen
84%
2. Bundesliga SSV Jahn Regensburg
84%
Bayernliga Nord SSV Jahn Regensburg II
84%
Bayernliga Nord SV Fortuna Regensburg
84%
3. Liga SV Waldhof Mannheim
83%
Regionalliga Nordost Hallerscher FC
82%
Regionalliga West MSV Duisburg
82%
Oberliga Nordost-Süd VfL Halle
82%
Regionalliga Nordost FC Carl Zeiss Jena
81%
3. Liga SC Verl
80%
Oberliga Westfalen SC Verl II
80%
Regionalliga Nord 1. FC Phönix Lübeck
79%
Schleswig Holsteinliga FC Dornbreite Lübeck
79%
Regionalliga Nord SV Drochtersen Assel
79%
Regionalliga Nord VfB Lübeck
79%
Schleswig Holsteinliga VfB Lübeck II
79%
Oberliga Baden-Württemberg VfR Mannheim
79%
Regionalliga Südwest FC 08 Homburg
78%
Regionalliga Südwest Kickers Offenbach
78%
Schleswig Holsteinliga Oldenburger SV
78%
3. Liga SpVgg Unterhaching
78%
Bayernliga Süd SpVgg Unterhaching II
78%
3. Liga SV Wehen Wiesbaden
78%
Regionalliga Nord VfB Oldenburg
78%
Oberliga Niedersachsen VfL Oldenburg
78%
Regionalliga Südwest KSV Hessen Kassel
77%
Regionalliga Südwest SV Eintracht Trier
77%
Regionalliga Nordost Chemnitzer FC
76%
Regionalliga Nord SC Weiche Flensburg
75%
Schleswig Holsteinliga TSB Flensburg
75%
Bayernliga Nord Würzburger FV
75%
Regionalliga Bayern Würzburger Kickers
75%
Regionalliga Nord Kickers Emden
74%
Regionalliga West Rot Weiß Oberhausen
74%
Regionalliga Nordost FSV Zwickau
73%
Regionalliga Bayern SpVgg Bayreuth
73%
Regionalliga Nord SV Meppen
73%
Oberliga Niedersachsen SV Meppen II
73%
Regionalliga Nord Bremer SV
72%
Oberliga Hamburg ETSV Hamburg
72%
Oberliga Hamburg Hamburger SV III
72%
Oberliga Hamburg SC Victoria Hamburg
72%
Oberliga Hamburg TSV Concordia Hamburg
72%
Regionalliga West Wuppertaler SV
72%
Regionalliga Bayern FC Schweinfurt 05
71%
3. Liga SV Sandhausen
71%
Regionalliga West KFC Uerdingen
70%
Oberliga Rheinland-Pfalz/Saar Rot Weiß Koblenz
70%
Oberliga Rheinland-Pfalz/Saar TuS Koblenz
70%
Regionalliga Nordost Greifswalder FC
69%
Oberliga Hamburg Altona 93
66%
Regionalliga Nordost BFC Dynamo
66%
Oberliga Mittelrhein Bonner SC
65%
Oberliga Mittelrhein FV Bonn Edenich
65%
Regionalliga Bayern Viktoria Aschaffenburg
65%
Regionalliga Bayern Eintracht Bamberg
64%
Oberliga Westfalen Sportfreunde Siegen
63%
Regionalliga Nordost SV Babelsberg
63%
Oberliga Baden-Württemberg VfR Aalen
63%
Oberliga Nordost-Nord Dynamo Schwerin
62%
Regionalliga West FC Düren
62%
Regionalliga West Sportfreunde Lotte
62%
Regionalliga Nord TSV Havelse
62%
Regionalliga Südwest Stuttgarter Kickers
61%
Regionalliga West FC Gütersloh
60%
Regionalliga Nord Eintracht Norderstedt
59%
Regionalliga Bayern FV Illertissen
59%
Bremenliga OSC Bremerhaven
58%
Regionalliga Südwest SGV Freiberg
58%
Regionalliga Nordost ZFC Meuselwitz
58%
Hessenliga SV Steinbach
57%
Hessenliga SV Steinbach Haiger II
57%
Regionalliga Südwest TSV Steinbach Haiger
57%
Regionalliga Bayern Türkgücü München
57%
Regionalliga Südwest FC Gießen
56%
Oberliga Rheinland-Pfalz/Saar Wormatia Worms
56%
Regionalliga West FC Bocholt
55%
Regionalliga Nordost VFC Plauen
55%
Oberliga Niedersachsen VfV Hildesheim
55%
Regionalliga Nordost FSV Luckenwalde
54%
Regionalliga West SC Wiedenbrück
54%
Oberliga Baden-Württemberg SSV Reutlingen
54%
Regionalliga Bayern SV Wacker Burghausen
54%
Oberliga Westfalen SG Wattenscheid
53%
Regionalliga Nordost VSG Altglienicke
53%
Oberliga Nordost-Nord Tasmania Berlin
52%
Oberliga Baden-Württemberg FC 08 Villingen II
51%
Regionalliga Nordost Hertha Zehlendorf
51%
Regionalliga Bayern SpVgg Ansbach
51%
Oberliga Nordost-Süd BSG Wismut Gera
50%
Oberliga Westfalen Rot Weiß Ahlen
50%
Oberliga Baden-Württemberg SG Sonnenhof Großaspach
50%
Regionalliga Südwest FC Astoria Walldorf
49%
Regionalliga Nord FC Teutonia Ottensen
49%
Hessenliga Rot Weiß Walldorf
49%
Regionalliga Nord SSV Jeddeloh
49%
Oberliga Niedersachsen SV Atlas Delmenhorst
49%
Regionalliga West SV Rödinghausen
49%
Oberliga Nordost-Nord Tennis Borussia Berlin
49%
Regionalliga West Türkspor Dortmund
49%
Regionalliga Südwest Bahlinger SC
48%
Regionalliga Nord Blau Weiß Lohne
48%
Regionalliga Nordost FC Eilenburg
48%
Bayernliga Süd FC Memmingen
48%
Oberliga Baden-Württemberg CfR Pforzheim
47%
Oberliga Rheinland-Pfalz/Saar FK Pirmasens
47%
Oberliga Nordost-Nord FC Anker Wismar
45%
Hessenliga FC Hanau 93
45%
Hessenliga Hanauer SC
45%
Regionalliga West SV Eintracht Hohkeppel
45%
Regionalliga Nord SV Todesfelde
45%
Oberliga Baden-Württemberg TSG Balingen
44%
Regionalliga Bayern DJK Vilzing
43%
Schleswig Holsteinliga PSV Union Neumünster
43%
Schleswig Holsteinliga VfR Neumünster
43%
Bayernliga Nord ATSV Erlangen
42%
Oberliga Nordost-Nord Berliner AK
42%
Oberliga Nordost-Süd FSV Budissa Bautzen
42%
Oberliga Niedersachsen MTV Eintracht Celle
42%
Regionalliga Südwest SG Barockstadt Fulda-Lehnerz
42%
Oberliga Niederrhein SSVg Velbert
42%
Regionalliga Bayern TSV Buchbach
42%
Oberliga Niederrhein TVD Velbert
42%
Oberliga Nordost-Süd VfB Germania Halberstadt
42%
Oberliga Rheinland-Pfalz/Saar Arminia Ludwigshafen
39%
Regionalliga Bayern TSV Schwaben Augsburg
39%
Oberliga Nordost-Nord BFC Preußen
38%
Hessenliga FC Bayern Alzenau
38%
Oberliga Nordost-Nord Sparta Lichtenberg
38%
Oberliga Nordost-Nord SV Lichtenberg
38%
Oberliga Niedersachsen SV Wilhelmshaven
38%
Oberliga Nordost-Nord TSG Neustrelitz
38%
Regionalliga Bayern TSV Aubstadt
38%
Regionalliga Südwest 1. Göppinger SV
37%
Bayernliga Nord VfB Eichstätt
37%
Oberliga Mittelrhein FC Teutonia Weiden
36%
Regionalliga Bayern SpVgg Hankofen-Hailing
36%
Bayernliga Nord SpVgg Weiden
36%
Bremenliga TV Eiche Horn
36%
Oberliga Nordost-Nord FSV Optik Rathenow
33%
Oberliga Westfalen SV Lippstadt
33%
Oberliga Niedersachsen BSV Schwarz Weiß Rehden
32%
Bremenliga FC Oberneuland
32%
Oberliga Baden-Württemberg FV Ravensburg
32%
Bayernliga Süd SV Schalding-Heining
32%
Bayernliga Süd TSV Rain/Lech
31%
Hessenliga VfB Marburg
30%
Oberliga Westfalen Westfalia Rhynern
30%
Oberliga Nordost-Süd Bischofswerdaer FV
29%
Oberliga Niederrhein Ratingen 04/19
29%
Bremenliga SG Aumund-Vegesack
28%
Oberliga Mittelrhein SV Wegberg-Beek
28%
Oberliga Niedersachsen 1. FC Germania Egestorf/Langreder
27%
Oberliga Nordost-Süd FC Einheit Wernigerode
27%
Oberliga Niederrhein 1. FC Kleve
26%
Bremenliga Blumenthaler SV
26%
Bremenliga BTS Neustadt
26%
Oberliga Hamburg Eimsbütteler TV
26%
Schleswig Holsteinliga Eutin 08
26%
Hessenliga FC Eintracht Stadtallendorf
26%
Oberliga Baden-Württemberg FC Nöttingen
26%
Bayernliga Süd FC Pipinsried
25%
Oberliga Nordost-Süd SC Freital
25%
Oberliga Rheinland-Pfalz/Saar SV Morlautern
25%
Oberliga Hamburg USC Paloma
25%
Oberliga Nordost-Süd VfB Auerbach
25%
Bayernliga Nord ASV Cham
24%
Oberliga Nordost-Süd FC Grimma
24%
Hessenliga KSV Baunatal
24%
Oberliga Westfalen SpVgg Erkenschwick
24%
Bayernliga Süd TSV Landsberg
24%
Hessenliga Türk Gücü Friedberg
24%
Bayernliga Süd FC Ismaning
23%
Oberliga Niedersachsen FSV Schöningen
23%
Oberliga Rheinland-Pfalz/Saar SV Gonsenheim
23%
Bayernliga Süd SV Heimstetten
23%
Oberliga Hamburg TuS Dassendorf
23%
Oberliga Nordost-Süd FC Einheit Rudolstadt
22%
Oberliga Niedersachsen FC Verden
22%
Oberliga Niederrhein VfB Homberg
22%
Regionalliga Südwest FC 08 Villingen
21%
Oberliga Mittelrhein FC Hennef
21%
Oberliga Mittelrhein FC Hürth
21%
Oberliga Rheinland-Pfalz/Saar SC Idar-Oberstein
21%
Oberliga Nordost-Süd SG Union Sandersdorf
21%
Oberliga Nordost-Nord SV Grün Weiß Ahrensfelde
21%
Oberliga Baden-Württemberg TSG Backnang
21%
Oberliga Nordost-Nord TuS Makkabi Berlin
21%
Oberliga Niederrhein VfB Hilden
21%
Oberliga Nordost-Nord Eintracht Mahlsdorf
20%
Oberliga Baden-Württemberg 1. FC Normannia Gmünd
19%
Oberliga Westfalen FC Eintracht Rheine
19%
Schleswig Holsteinliga SV Eichede
19%
Hessenliga FC Eddersheim
18%
Oberliga Baden-Württemberg FSV Bietigheim-Bissingen
18%
Oberliga Nordost-Süd Ludwigsfelder FC
18%
Oberliga Niederrhein Mühlheimer FC
18%
Oberliga Niedersachsen SC Spelle Venhaus
18%
Oberliga Niederrhein SC Union Nettetal
18%
Oberliga Rheinland-Pfalz/Saar Sportfreunde Eisbachtal
18%
Bremenliga Vatan Sport
18%
Oberliga Rheinland-Pfalz/Saar FV Engers
17%
Bayernliga Nord SC Eltersdorf
17%
Oberliga Mittelrhein Siegburger SV
17%
Oberliga Mittelrhein SpVg Porz
17%
Bayernliga Süd TSV Nördlingen
17%
Oberliga Hamburg FC Alsterbrüder
16%
Oberliga Hamburg FC Süderelbe
16%
Oberliga Hamburg HEBC
16%
Oberliga Hamburg Niendorfer TSV
16%
Oberliga Nordost-Nord SC Staaken
16%
Oberliga Rheinland-Pfalz/Saar SV Auersmacher
16%
Bayernliga Süd TSV Grünwald
16%
Oberliga Westfalen TuS Ennepetal
16%
Bayernliga Nord ASV Neumarkt
15%
Oberliga Nordost-Süd Blau Weiß Zorbau
15%
Oberliga Baden-Württemberg Calcio Leinfelden-Echterdingen
15%
Oberliga Hamburg SC Billstedt
15%
Bremenliga SC Vahr-Blockdiek
15%
Oberliga Mittelrhein SpVg Frechen 20
15%
Oberliga Hamburg TSV Buchholz
15%
Oberliga Hamburg TSV Sasel
15%
Oberliga Niedersachsen TuS Bersenbrück
15%
Oberliga Rheinland-Pfalz/Saar TuS Mechtersheim
15%
Oberliga Niederrhein 1. FC Monheim
14%
Bremenliga Brinkumer SV
14%
Oberliga Rheinland-Pfalz/Saar FV Diefflen
14%
Oberliga Niederrhein SC St. Tönis
14%
Oberliga Baden-Württemberg SV Fellbach
14%
Bremenliga SV Hemelingen
14%
Oberliga Baden-Württemberg SV Oberachern
14%
Bayernliga Süd TSV Kottern
14%
Oberliga Westfalen TuS Bövinghausen
14%
Bayernliga Nord DJK Ammerthal
13%
Oberliga Mittelrhein FC Pesch
13%
Oberliga Hamburg FC Türkiye
13%
Oberliga Baden-Württemberg FC Zuzenhausen
13%
Hessenliga FSV Fernwald
13%
Bremenliga Habenhauser FV
13%
Oberliga Niedersachsen Heeslingen SC
13%
Oberliga Westfalen SG Finnentrop/Bamenohl
13%
Oberliga Westfalen SpVgg Vreden
13%
Oberliga Niederrhein SpVg Schonnebeck
13%
Oberliga Niedersachsen SSV Vorsfelde
13%
Bayernliga Süd SV Erlbach
13%
Oberliga Niederrhein FC Büderich
12%
Bayernliga Süd FC Deisenhofen
12%
Bayernliga Süd FC Sonthofen
12%
Oberliga Rheinland-Pfalz/Saar FV Eppelborn
12%
Oberliga Nordost-Süd RSV Eintracht Stansdorf
12%
Schleswig Holsteinliga SpVg Eidertal Molfsee
12%
Oberliga Niederrhein SV Biemenhorst
12%
Oberliga Hamburg SV Halstenbek-Rellingen
12%
Bayernliga Süd SV Kirchanschöring
12%
Oberliga Westfalen SV Schermbeck
12%
Hessenliga SV Unter-Flockenbach
12%
Oberliga Rheinland-Pfalz/Saar SV Viktoria Herxheim
12%
Bayernliga Nord TSV Abtswind
12%
Oberliga Niederrhein TSV Meerbusch
12%
Bremenliga TS Woltmershausen
12%
Oberliga Nordost-Süd VfB Kriechow
12%
Bremenliga ESC Geestemünde
11%
Hessenliga FSV Wolfhagen
11%
Oberliga Niederrhein Sportfreunde Baumberg
11%
Oberliga Niederrhein Sportfreunde Niederwenigern
11%
Oberliga Baden-Württemberg TSV Essingen
11%
Bayernliga Nord TSV Karlburg
11%
Bayernliga Nord TSV Kornburg
11%
Schleswig Holsteinliga TSV Satrup
11%
Oberliga Westfalen 1. FC Gievenbeck
10%
Bayernliga Nord DJK Gebenbach
10%
Schleswig Holsteinliga Eckenförder SV
10%
Oberliga Baden-Württemberg FSV Hollenbach
10%
Oberliga Mittelrhein Blau Weiß Königsdorf
9%
Bayernliga Nord FC Eintracht Münchberg
9%
Schleswig Holsteinliga MTSV Hohenwestedt
9%
Schleswig Holsteinliga SC Preußen Rheinfeld
9%
Hessenliga SC Waldgirmes
9%
Oberliga Niederrhein SV Sonsbeck
9%
Oberliga Hamburg TuRa Harksheide
9%
Hessenliga TuS Hornau
9%
Oberliga Mittelrhein VfL Vichttal
9%
Oberliga Rheinland-Pfalz/Saar 1. FC Karbach
8%
Hessenliga Hünfelder SV
8%
Oberliga Westfalen SC Victoria Clarholz
8%
Hessenliga SV Adler Weidenhausen
8%
Oberliga Mittelrhein FC Union Schafhausen
7%
Bayernliga Nord TSV Neudrossenfeld
7%
Schleswig Holsteinliga TuS Rotenhof
6%
Oberliga Westfalen Concordia Wiemelhausen
5%
Oberliga Mittelrhein SSV Merten
4%
Keine übereinstimmenden Quizze gefunden
Verteilung der Resultate
Anzahl Personen mit jedem Resultat
Perzentil nach korrekt beantworteten Fragen
Ihre Resultats-Entwicklung
Sie haben dieses Quiz noch nicht gespielt